00386nam a2200145Ia 4500003000900000008004100009040001600050080001700066100001800083245005300101260003500154300001200189650002200201650001700223IN-BaIIA211028s9999 xx 000 0 eng d cIIA Library a535.338bGAY aGaydon, A. G. 0aSpectroscopy and combustion theorycA. G. Gaydon aLondonbChapman and Hallc1942 ax,191p. aCombustion Theory aSpectroscopy